000 00295nam a2200121Ia 4500
005 20260326100032.0
008 260326s9999||||xx |||||||||||||| ||und||
100 _aChase, Gilbert
245 0 _aContemporary Art in America /
_cGilbert Chase
260 _bFree Press
650 _aARTE
942 _cBK
999 _c6631
_d6631